Une lettre suffit pour répondre juste #4 (attention 10 lettres tuent) - Statistiques

Statistiques générales
  • Ce quiz a été pris 215 fois
  • Le résultat moyen est 3 sur 6
Statistiques - réponses
Hint Réponse % Correct
Donne une des 5 lettres qui compose le mot qui veut dire aveugle en anglais BLIND
100%
Donne une des 4 lettres qui complète le nom du film en extrait datant de 1998 : _ _ _ _ HOUR
RUSH
67%
Donne une des 3 lettres du diminutif de ce personnage de dessins animés TAZ
62%
Donne une des 2 lettres que l'on entend quand est prononcé à haute voix le nom de famille de cet ancien footballeur international français prénommé Gaël (12 séléctions entre 2004 et 2006) :
JV (pour Givet)
14%
Donne la lettre qui est une particule (la plus connue et utilisée) dans les noms de famille d'origine irlandaise O
10%
Donne la seule lettre qui correspond au nom de l'artiste qui chante dans un de ses tubes : "Bras de bois Des clefs aux doigts Des cordes pour tendons Agite-nous Agite-moi Fais l'arpège, sature le son Qui de nous deux Inspire l'autre" M
7%
Aucun quiz correspondant
Distribution des résultats
% des personnes avec chaque résultat
Percentile par nombre de réponses
Votre historique - résultats
Vous n’avez pas pris ce quiz